| 000 | 00602nam a2200181Ia 4500 | ||
|---|---|---|---|
| 008 | 151018s9999 xx 000 0 und d | ||
| 082 |
_bRBASDV49782 _a574 |
||
| 100 | _aसुधाकर रामकृष्ण | ||
| 245 | _aजीन्स और जीवन | ||
| 250 | _b1 | ||
| 260 |
_bविज्ञान भारती _c2009 |
||
| 300 | _a88 | ||
| 600 | _aसुधाकर रामकृष्ण | ||
| 630 | _aजीन्स और जीवन | ||
| 700 | _aसुधाकर रामकृष्ण | ||
| 730 | _aजीन्स और जीवन | ||
| 942 | _cBOOK | ||
| 999 |
_c1048782 _d1048779 |
||